<?xml version="1.0" encoding="UTF-8"?>
<record
    xmlns:xsi="http://www.w3.org/2001/XMLSchema-instance"
    xsi:schemaLocation="http://www.loc.gov/MARC21/slim http://www.loc.gov/standards/marcxml/schema/MARC21slim.xsd"
    xmlns="http://www.loc.gov/MARC21/slim">

  <leader>00749nam a2200217Ia 4500</leader>
  <controlfield tag="001">12807</controlfield>
  <controlfield tag="003">GE_BSU</controlfield>
  <controlfield tag="008">181216s||||||||xx |||||||||||||| ||und||</controlfield>
  <datafield tag="040" ind1=" " ind2=" ">
    <subfield code="c">GE_BSU</subfield>
  </datafield>
  <datafield tag="080" ind1=" " ind2=" ">
    <subfield code="a">631.4(479.22)</subfield>
  </datafield>
  <datafield tag="100" ind1=" " ind2=" ">
    <subfield code="a">&#x414;&#x430;&#x440;&#x430;&#x441;&#x435;&#x43B;&#x438;&#x44F;,&#x41C;.&#x41A;.</subfield>
  </datafield>
  <datafield tag="245" ind1=" " ind2=" ">
    <subfield code="a">&#x414;&#x438;&#x43D;&#x430;&#x43C;&#x438;&#x43A;&#x430; &#x43F;&#x43E;&#x447;&#x432;&#x435;&#x43D;&#x43D;&#x44B;&#x445; &#x440;&#x430;&#x441;&#x442;&#x432;&#x43E;&#x440;&#x43E;&#x432; &#x43A;&#x440;&#x430;&#x441;&#x43D;&#x43E;&#x437;&#x435;&#x43C;&#x43D;&#x44B;&#x445; &#x43F;&#x43E;&#x447;&#x432;</subfield>
  </datafield>
  <datafield tag="245" ind1=" " ind2=" ">
    <subfield code="b">&#x418;&#x442;&#x43E;&#x433;&#x438; &#x43C;&#x43D;&#x43E;&#x433;&#x43E;&#x43B;&#x435;&#x442;&#x43D;&#x438;&#x445; &#x43B;&#x438;&#x437;&#x438;&#x43C;&#x435;&#x442;&#x440;&#x438;&#x447;&#x435;&#x441;&#x43A;&#x438;&#x445; &#x438;&#x441;&#x441;&#x43B;&#x435;&#x434;&#x43E;&#x432;&#x430;&#x43D;&#x438;&#x438;</subfield>
  </datafield>
  <datafield tag="260" ind1=" " ind2=" ">
    <subfield code="a">&#x422;&#x431;&#x438;&#x43B;&#x438;&#x441;&#x438;</subfield>
  </datafield>
  <datafield tag="260" ind1=" " ind2=" ">
    <subfield code="b">&#x41C;&#x435;&#x446;&#x43D;&#x438;&#x435;&#x440;&#x435;&#x431;&#x430;</subfield>
  </datafield>
  <datafield tag="260" ind1=" " ind2=" ">
    <subfield code="c">1974</subfield>
  </datafield>
  <datafield tag="300" ind1=" " ind2=" ">
    <subfield code="a">225&#x441;&#x442;&#x440;.&#x438;&#x43B;&#x43B;.20&#x441;&#x43C;.</subfield>
  </datafield>
  <datafield tag="300" ind1=" " ind2=" ">
    <subfield code="c">&#x411;&#x438;&#x431;&#x43B;&#x438;&#x43E;&#x433;&#x440;.&#x441;.215-220</subfield>
  </datafield>
  <datafield tag="653" ind1=" " ind2=" ">
    <subfield code="a">&#x414;&#x438;&#x43D;&#x430;&#x43C;&#x438;&#x43A;&#x430; &#x43F;&#x43E;&#x447;&#x432;&#x435;&#x43D;&#x43D;&#x44B;&#x445; &#x440;&#x430;&#x441;&#x442;&#x432;&#x43E;&#x440;&#x43E;&#x432; &#x43A;&#x440;&#x430;&#x441;&#x43D;&#x43E;&#x437;&#x435;&#x43C;&#x43D;&#x44B;&#x445; &#x43F;&#x43E;&#x447;&#x432;</subfield>
  </datafield>
  <datafield tag="942" ind1=" " ind2=" ">
    <subfield code="c">BK</subfield>
  </datafield>
  <datafield tag="999" ind1=" " ind2=" ">
    <subfield code="c">45978</subfield>
    <subfield code="d">45978</subfield>
  </datafield>
  <datafield tag="952" ind1=" " ind2=" ">
    <subfield code="0">0</subfield>
    <subfield code="1">0</subfield>
    <subfield code="4">0</subfield>
    <subfield code="7">0</subfield>
    <subfield code="9">60295</subfield>
    <subfield code="d">2018-12-17</subfield>
    <subfield code="p">21018</subfield>
    <subfield code="r">2018-12-17</subfield>
    <subfield code="w">2018-12-17</subfield>
    <subfield code="y">BK</subfield>
  </datafield>
  <datafield tag="952" ind1=" " ind2=" ">
    <subfield code="0">0</subfield>
    <subfield code="1">0</subfield>
    <subfield code="4">0</subfield>
    <subfield code="7">0</subfield>
    <subfield code="9">60296</subfield>
    <subfield code="d">2018-12-17</subfield>
    <subfield code="p">21019</subfield>
    <subfield code="r">2018-12-17</subfield>
    <subfield code="w">2018-12-17</subfield>
    <subfield code="y">BK</subfield>
  </datafield>
</record>
